Urpflanze und Ornament : pflanzenmorphologische Anregungen in der Kunsttheorie und Kunst von Goethe bis zum Jugendstil
Gespeichert in:
| VerfasserIn: | |
|---|---|
| Dokumenttyp: | Hochschulschrift Buch |
| Sprache: | German |
| Veröffentlicht: |
Helsinki
: Societas Scientiarum Fennica
, 1992
|
| Schriftenreihe: | Commentationes humanarum litterarum
98 |
| Schlagwörter: | |
| Online Zugang: | Inhaltsverzeichnis Inhaltsverzeichnis |
| Bibliogr. Hinweis: | Rezensiert in:
[Rezension von: Annika Waenerberg, Urpflanze und Ornament] Rezensiert in: [Rezension von: Waenerberg, Annika, Urpflanze und Ornament, pflanzenmorpholog] Rezensiert in: [Rezension von: Waenerberg, Annika, Urpflanze und Ornament, pflanzenmorpholog] |
| Verantwortlich: | Annika Waenerberg |
| LEADER | 05316cam a2200937 c 4500 | ||
|---|---|---|---|
| 001 | 122964934 | ||
| 003 | DE-627 | ||
| 005 | 20260324133139.0 | ||
| 007 | tu | ||
| 008 | 930311s1992 fi ||||| m 00| ||ger c | ||
| 016 | 7 | |a 943528534 |2 DE-101 | |
| 020 | |a 9516532454 |9 951-653-245-4 | ||
| 035 | |a (DE-627)122964934 | ||
| 035 | |a (DE-603)024541788 | ||
| 035 | |a (DE-576)032394969 | ||
| 035 | |a (DE-599)GBV122964934 | ||
| 035 | |a (OCoLC)231481286 | ||
| 035 | |a (OCoLC)58036442 | ||
| 035 | |a (DE-604)8069518866 | ||
| 040 | |a DE-627 |b ger |c DE-627 |e rakwb | ||
| 041 | |a ger | ||
| 044 | |c XA-FI | ||
| 084 | |a 46 |a 32 |2 sdnb | ||
| 084 | |a 9,10 |2 ssgn | ||
| 084 | |a WB 4185 |2 rvk |0 (DE-625)rvk/148023: | ||
| 084 | |a LH 84780 |2 rvk |0 (DE-625)rvk/95335: | ||
| 084 | |a LH 76430 |2 rvk |0 (DE-625)rvk/94991: | ||
| 084 | |a 21.83 |2 bkl | ||
| 084 | |a 42.40 |2 bkl | ||
| 084 | |a 20.06 |2 bkl | ||
| 100 | 1 | |a Waenerberg, Annika |0 (DE-588)139390551X |0 (DE-627)1967046794 |4 aut | |
| 245 | 1 | 0 | |a Urpflanze und Ornament |b pflanzenmorphologische Anregungen in der Kunsttheorie und Kunst von Goethe bis zum Jugendstil |c Annika Waenerberg |
| 264 | 1 | |a Helsinki |b Societas Scientiarum Fennica |c 1992 | |
| 300 | |a 270 S. |b Ill. | ||
| 336 | |a Text |b txt |2 rdacontent | ||
| 337 | |a ohne Hilfsmittel zu benutzen |b n |2 rdamedia | ||
| 338 | |a Band |b nc |2 rdacarrier | ||
| 490 | 1 | |a Commentationes humanarum litterarum |v 98 | |
| 502 | |a Zugl.: @Diss | ||
| 505 | 8 | |a Literaturverz. S. [226] - 249 | |
| 583 | 1 | |a Archivierung/Langzeitarchivierung gewährleistet |f SSG |x XA-DE-BW |2 pdager |5 DE-16 | |
| 583 | 1 | |a Archivierung prüfen |c 20240324 |f DE-4165 |z 3 |2 pdager | |
| 600 | 1 | 7 | |0 (DE-588)118540238 |0 (DE-627)133416720 |0 (DE-576)161142842 |a Goethe, Johann Wolfgang von |d 1749-1832 |2 gnd |
| 648 | 7 | |a Geschichte |2 gnd | |
| 650 | 0 | 7 | |0 (DE-588)4049716-1 |0 (DE-627)104675152 |0 (DE-576)209083182 |a Rezeption |2 gnd |
| 650 | 0 | 7 | |0 (DE-588)4045572-5 |0 (DE-627)10470795X |0 (DE-576)209066016 |a Pflanzenmorphologie |2 gnd |
| 650 | 0 | 7 | |0 (DE-588)4114333-4 |0 (DE-627)105822957 |0 (DE-576)209483733 |a Kunst |2 gnd |
| 650 | 0 | 7 | |0 (DE-588)4462742-7 |0 (DE-627)231106483 |0 (DE-576)212690868 |a Urpflanze |2 gnd |
| 650 | 0 | 7 | |0 (DE-588)4123940-4 |0 (DE-627)105751421 |0 (DE-576)20956394X |a Pflanzendarstellung |2 gnd |
| 650 | 0 | 7 | |0 (DE-588)4174069-5 |0 (DE-627)105375179 |0 (DE-576)209954612 |a Pflanzenornament |2 gnd |
| 650 | 0 | 7 | |0 (DE-588)4000626-8 |0 (DE-627)106400541 |0 (DE-576)208838821 |a Ästhetik |2 gnd |
| 650 | 0 | 7 | |0 (DE-588)4043886-7 |0 (DE-627)106208160 |0 (DE-576)209057734 |a Ornament |2 gnd |
| 650 | 0 | 7 | |0 (DE-588)4007842-5 |0 (DE-627)106371312 |0 (DE-576)208872728 |a Botanik |2 gnd |
| 651 | 7 | |0 (DE-588)4011882-4 |0 (DE-627)104704861 |0 (DE-576)208896155 |a Deutschland |2 gnd | |
| 655 | 7 | |a Hochschulschrift |0 (DE-588)4113937-9 |0 (DE-627)105825778 |0 (DE-576)209480580 |2 gnd-content | |
| 689 | 0 | 0 | |d s |0 (DE-588)4174069-5 |0 (DE-627)105375179 |0 (DE-576)209954612 |a Pflanzenornament |2 gnd |
| 689 | 0 | 1 | |a z |2 gnd |a Geschichte 1786-1905 |
| 689 | 0 | |5 (DE-627) | |
| 710 | 2 | |a Suomen Tiedeseura |0 (DE-588)1010079-9 |0 (DE-627)103165371 |0 (DE-576)191187410 |4 oth | |
| 787 | 0 | 8 | |i Rezensiert in |a Traeger, Jörg, 1942 - 2005 |t [Rezension von: Annika Waenerberg, Urpflanze und Ornament] |d 1997 |w (DE-627)1546986790 |w (DE-576)476986796 |
| 787 | 0 | 8 | |i Rezensiert in |w (DE-603)130931101 |
| 787 | 0 | 8 | |i Rezensiert in |w (DE-603)131026518 |
| 787 | 0 | 8 | |i Rezensiert in |a Traeger, Jörg |t [Rezension von: Waenerberg, Annika, Urpflanze und Ornament, pflanzenmorpholog] |d 1994 |w (DE-627)340423587 |
| 787 | 0 | 8 | |i Rezensiert in |a Osterkamp, Ernst |t [Rezension von: Waenerberg, Annika, Urpflanze und Ornament, pflanzenmorpholog] |d 1995 |w (DE-627)340468750 |
| 830 | 0 | |a Commentationes humanarum litterarum |v 98 |9 98 |w (DE-627)129534528 |w (DE-576)01496287X |w (DE-600)215766-4 |x 0069-6587 |7 am | |
| 856 | 4 | 2 | |u http://d-nb.info/943528534/04 |m V:DE-605 |q application/pdf |3 Inhaltsverzeichnis |7 1 |
| 856 | 4 | 2 | |u http://scans.hebis.de/HEBCGI/show.pl?02454178_toc.pdf |m V:DE-605 |q application/pdf |3 Inhaltsverzeichnis |7 1 |
| 889 | |w (DE-603)024541788 | ||
| 889 | |w (DE-627)273732587 | ||
| 935 | |i Blocktest | ||
| 936 | r | v | |a WB 4185 |b Biologie und Bildende Kunst. Ästhetik |k Biologie |k Bibliografien und Nachschlagewerke, Geschichte und Didaktik, Lehrbücher der Biologie |k Biologie und andere Wissenschaften |k Biologie und Bildende Kunst. Ästhetik |0 (DE-627)1271554755 |0 (DE-625)rvk/148023: |0 (DE-576)201554755 |
| 936 | r | v | |a LH 84780 |b Neuzeit |k Kunstgeschichte |k Allgemeines. Allgemeine Kunstgeschichte |k Kunstgeschichte einzelner Gattungen der Kunst |k Ikonographie, Ikonologie |k Weltliche Ikonographie |k Ikonographie der Pflanzen |k Zeitlich begrenzte Darstellungen |k Neuzeit |0 (DE-627)1270643827 |0 (DE-625)rvk/95335: |0 (DE-576)200643827 |
| 936 | r | v | |a LH 76430 |b 19. Jahrhundert |k Kunstgeschichte |k Allgemeines. Allgemeine Kunstgeschichte |k Kunstgeschichte einzelner Gattungen der Kunst |k Ornament |k Pflanzenornament |k Ordnung nach Epochen |k 19. Jahrhundert |0 (DE-627)1271116251 |0 (DE-625)rvk/94991: |0 (DE-576)201116251 |
| 936 | b | k | |a 21.83 |j Ornamentik |0 (DE-627)106405608 |
| 936 | b | k | |a 42.40 |j Pflanzencytologie |j Pflanzenhistologie |j Pflanzenmorphologie |0 (DE-627)106415891 |
| 936 | b | k | |a 20.06 |j Kunstphilosophie |j Kunsttheorie |0 (DE-627)10641433X |
| 951 | |a BO | ||
| 990 | |a Pflanzenornament | ||
| 990 | |a Geschichte 1786-1905 | ||
| 991 | |a Rezensiertes Werk | ||
| 999 | |a KXP-PPN122964934 |e 4004788285 | ||


